| 000 | 00000nas 2200000zi 4500 |
| 001 | 9.929382 |
| 003 | CaOODSP |
| 005 | 20251204073441 |
| 006 | m o d f |
| 007 | cr ||||||||||| |
| 008 | 231024c20149999oncqr p o f0###b0fre|d |
| 040 | |aCaOODSP|bfre|erda|cCaOODSP |
| 043 | |an-cn--- |
| 086 | 1 |aCC518-3F-PDF |
| 110 | 2 |aCorporation de développement des investissements du Canada.|eauteur, |eorganisme de publication. |
| 245 | 10|aRapport du ... / |cCorporation de développement des investissements du Canada. |
| 264 | 1|a[Toronto] : |bCanada Development Investment Corporation = La Corporation de développement des investissements du Canada, |c[2014]- |
| 310 | |aTrimestriel |
| 336 | |atexte|btxt|2rdacontent/fre |
| 337 | |ainformatique|bc|2rdamedia/fre |
| 338 | |aressource en ligne|bcr|2rdacarrier/fre |
| 362 | 1 |aParaît depuis : 31 mars 2014. |
| 500 | |aPublié aussi en anglais sous le titre : ... report ... |
| 588 | |aDescription d'après : 31 mars 2014. |
| 588 | |aDernière livraison consultée : 30 juin 2023. |
| 610 | 26|aCorporation de développement des investissements du Canada|xCrédits budgétaires et dépenses|vPériodiques. |
| 650 | 6|aFinances publiques|zCanada|vPériodiques. |
| 655 | 7|aPériodiques|2rvmgf |
| 775 | 08|t... report ... / |w(CaOODSP)9.929376 |